[Event "Gibtelecom Masters"]
[Site "Gibraltar"]
[Date "2008.01.27"]
[Round "6.57"]
[White "Reppen, Sigmund"]
[Black "Bigg, Andrew J"]
[Result "0-1"]
[WhiteElo "2061"]
[BlackElo "2231"]
[PlyCount "52"]
[EventDate "2008.01.22"]

1. e4 e6 2. d4 d5 3. e5 c5 4. c3 Nc6 5. Nf3 Bd7 6. Be2 Nge7 7. O-O Ng6 8. Re1
Be7 9. Bf1 O-O 10. a3 a5 11. g3 Qb6 12. h4 f6 13. exf6 Rxf6 14. h5 Raf8 15. Bg2
Nh8 16. b3 cxd4 17. cxd4 Rxf3 18. Bxf3 Nxd4 19. Bg2 Nxb3 20. Ra2 Nxc1 21. Qxc1
Bc5 22. Ree2 Nf7 23. Rac2 Bd4 24. Bh3 Ne5 25. Nc3 Nd3 26. Qd2 Nxf2 0-1

[Event "Gibtelecom Masters"]
[Site "Gibraltar"]
[Date "2008.01.27"]
[Round "6.58"]
[White "Norinkeviciute, Rasa"]
[Black "Byron, Alan M"]
[Result "1/2-1/2"]
[WhiteElo "2064"]
[BlackElo "2229"]
[PlyCount "88"]
[EventDate "2008.01.22"]

1. c4 c6 2. g3 d5 3. Bg2 Nf6 4. Nf3 Bg4 5. Ne5 Be6 6. cxd5 Bxd5 7. Nf3 c5 8. b3
e6 9. Bb2 Be7 10. O-O O-O 11. d3 Nbd7 12. Nbd2 b5 13. e4 Bb7 14. Qe2 Rc8 15.
Rfc1 a6 16. d4 cxd4 17. Bxd4 Ba3 18. Rxc8 Qxc8 19. e5 Nd5 20. Ne4 Rd8 21. Rd1
Nf8 22. h4 Ba8 23. Bb2 Be7 24. Rc1 Qb8 25. a3 Rc8 26. Rxc8 Qxc8 27. Qd3 Qd7 28.
Qd4 a5 29. Nfd2 Qc7 30. Nd6 Qd7 31. N2e4 Bxd6 32. Nxd6 Ng6 33. f4 Nge7 34. Be4
h6 35. Kh2 Nc8 36. Qc5 Nxd6 37. exd6 Bc6 38. Qd4 Nf6 39. Bc2 Ne8 40. Qd3 Qxd6
41. Qxd6 Nxd6 42. Bc3 Nb7 43. g4 g6 44. f5 gxf5 1/2-1/2

[Event "Gibtelecom Masters"]
[Site "Gibraltar"]
[Date "2008.01.27"]
[Round "6.59"]
[White "Nadig, Kruttika"]
[Black "Lovik, Lasse Ostebo"]
[Result "0-1"]
[WhiteElo "2208"]
[BlackElo "2052"]
[PlyCount "82"]
[EventDate "2008.01.22"]

1. e4 e5 2. Nf3 Nc6 3. Bb5 a6 4. Ba4 b5 5. Bb3 Na5 6. O-O d6 7. d4 Nxb3 8. axb3
f6 9. c4 b4 10. d5 a5 11. Be3 Bg4 12. Nbd2 g6 13. Qc2 Bh6 14. Bxh6 Nxh6 15. c5
O-O 16. h3 Bd7 17. c6 Bc8 18. Nc4 f5 19. Rxa5 Rxa5 20. Nxa5 fxe4 21. Nd2 Bxh3
22. Qxe4 Rf4 23. Qe3 Bxg2 24. Kxg2 Qg5+ 25. Qg3 Rg4 26. Ne4 Qf4 27. Re1 Rxg3+
28. fxg3 Qf7 29. Rd1 Nf5 30. Nc4 Nd4 31. Kh2 Qf3 32. Re1 Nc2 33. Ncd2 Qh5+ 34.
Kg1 Kg7 35. Rf1 Ne3 36. Rf3 Nxd5 37. Kg2 g5 38. Nc4 Qg6 39. Ncd2 g4 40. Rd3 Ne7
41. Nf2 d5 0-1

[Event "Gibtelecom Masters"]
[Site "Gibraltar"]
[Date "2008.01.27"]
[Round "6.60"]
[White "Havik, Victor"]
[Black "Erdelyi, Tamas"]
[Result "0-1"]
[WhiteElo "2072"]
[BlackElo "2186"]
[PlyCount "74"]
[EventDate "2008.01.22"]

1. d4 Nf6 2. c4 c5 3. d5 b5 4. cxb5 a6 5. bxa6 g6 6. Nc3 Bxa6 7. g3 d6 8. Bg2
Nbd7 9. Nf3 Bg7 10. Rb1 Nb6 11. b3 Bc8 12. Nd2 Bb7 13. Nc4 O-O 14. O-O Bc8 15.
Nxb6 Qxb6 16. Bd2 Bf5 17. e4 Bc8 18. Re1 Ng4 19. h3 Ne5 20. Na4 Qa7 21. Bc3 Ba6
22. Nb2 f5 23. f4 c4+ 24. Kh2 Ng4+ 25. hxg4 Bxc3 26. gxf5 Bxe1 27. Qxe1 cxb3
28. axb3 gxf5 29. e5 Rac8 30. exd6 Rf6 31. Nc4 Rh6+ 32. Bh3 exd6 33. Rc1 Qf7
34. Qd2 Qh5 35. Qg2 Re8 36. Rc2 Re1 37. Rd2 Qg4 0-1

[Event "Gibtelecom Masters"]
[Site "Gibraltar"]
[Date "2008.01.27"]
[Round "6.61"]
[White "Makka, Ioulia"]
[Black "Hagen, Anders Gjerdum"]
[Result "0-1"]
[WhiteElo "2186"]
[BlackElo "2049"]
[PlyCount "90"]
[EventDate "2008.01.22"]

1. e4 c5 2. Nf3 Nc6 3. d4 cxd4 4. Nxd4 Nf6 5. Nc3 d6 6. Bc4 Qb6 7. Nxc6 bxc6 8.
O-O e5 9. b3 Be7 10. Bg5 O-O 11. Bxf6 gxf6 12. Qh5 Be6 13. Bxe6 fxe6 14. Rae1
Kh8 15. Re3 Qb7 16. Rh3 Bd8 17. Rd1 d5 18. Rdd3 Ba5 19. Na4 Bb6 20. Rh4 Rf7 21.
Rg3 Rd8 22. Rd3 Qe7 23. h3 Rg8 24. Nxb6 axb6 25. Rg4 Rxg4 26. Qxg4 f5 27. exf5
exf5 28. Qa4 Qc5 29. Rg3 f4 30. Rg4 Qd6 31. Qa8+ Rf8 32. Qb7 Qf6 33. Qxb6 h5
34. Rh4 Qxh4 35. Qxc6 Qg5 36. Qxd5 f3 37. g3 h4 38. g4 Qc1+ 39. Kh2 Qf4+ 40.
Kh1 Qf6 41. Qa5 Rd8 42. Qe1 Rd4 43. c3 Rd3 44. c4 e4 45. c5 Qd4 0-1

[Event "Gibtelecom Masters"]
[Site "Gibraltar"]
[Date "2008.01.27"]
[Round "6.62"]
[White "Van Den Bersselaar, Jeroen"]
[Black "Foisor, Mihaela-Veronica"]
[Result "1/2-1/2"]
[WhiteElo "2164"]
[BlackElo "2043"]
[PlyCount "93"]
[EventDate "2008.01.22"]

1. d4 e6 2. c4 f5 3. a3 Nf6 4. Nc3 d5 5. Bg5 c6 6. e3 Bd6 7. Bd3 O-O 8. f4 Qe8
9. Bxf6 Rxf6 10. Nf3 b6 11. Ne5 Bb7 12. Qc2 g6 13. g4 Bxe5 14. fxe5 Rf7 15.
cxd5 cxd5 16. gxf5 gxf5 17. Nb5 Qd8 18. Rg1+ Kh8 19. Nd6 Rc7 20. Qe2 Qh4+ 21.
Kd2 Nc6 22. Rac1 Rb8 23. Bb5 f4 24. Bxc6 fxe3+ 25. Qxe3 Qxh2+ 26. Kd1 Qh5+ 27.
Qe2 Qh4 28. Qg4 Qxg4+ 29. Rxg4 h5 30. Rg6 Rxc6 31. Rxe6 Rf8 32. Rxc6 Bxc6 33.
Rh6+ Kg7 34. Rxh5 Bd7 35. Kd2 Rf2+ 36. Ke3 Rxb2 37. Rg5+ Kf8 38. Rg6 Rb1 39.
Rf6+ Ke7 40. Rf7+ Kd8 41. Rf3 Rb3+ 42. Kf4 Rxf3+ 43. Kxf3 Ke7 44. Kf4 a5 45.
Ke3 Ke6 46. Kf4 Ke7 47. Ke3 1/2-1/2

[Event "Gibtelecom Masters"]
[Site "Gibraltar"]
[Date "2008.01.27"]
[Round "6.63"]
[White "Strand, Haakon"]
[Black "Tate, Alan"]
[Result "1-0"]
[WhiteElo "2045"]
[BlackElo "2163"]
[PlyCount "65"]
[EventDate "2008.01.22"]

1. e4 c5 2. Nf3 d6 3. d4 Nf6 4. Nc3 cxd4 5. Nxd4 a6 6. Be3 e5 7. Nb3 Be7 8. f3
Be6 9. Qd2 O-O 10. O-O-O a5 11. a4 Nc6 12. g4 Nb4 13. g5 Ne8 14. h4 Nc7 15. f4
exf4 16. Bxf4 Qc8 17. Kb1 Rd8 18. Nd4 Bg4 19. Be2 Bxe2 20. Qxe2 Bf8 21. h5 Ne6
22. Be3 Nxd4 23. Bxd4 Qe6 24. g6 fxg6 25. hxg6 h6 26. Rdf1 Nc6 27. Be3 Ne5 28.
Rhg1 Rac8 29. Nd5 Rc4 30. Qh5 Rxe4 31. Bxh6 Rd7 32. Bxg7 Rxg7 33. Nf6+ 1-0

[Event "Gibtelecom Masters"]
[Site "Gibraltar"]
[Date "2008.01.27"]
[Round "6.64"]
[White "Haugstad, Espen"]
[Black "Mundaca, Juan Carlos"]
[Result "1-0"]
[WhiteElo "2042"]
[BlackElo "2162"]
[PlyCount "73"]
[EventDate "2008.01.22"]

1. e4 c5 2. Nf3 Nc6 3. d4 cxd4 4. Nxd4 Nf6 5. Nc3 e5 6. Ndb5 d6 7. Bg5 a6 8.
Na3 b5 9. Bxf6 gxf6 10. Nd5 Bg7 11. c3 O-O 12. Nc2 f5 13. exf5 Bxf5 14. Nce3
Be6 15. Bd3 f5 16. Qh5 e4 17. Bc2 Ne7 18. Rd1 Ra7 19. O-O Nxd5 20. Nxd5 Be5 21.
f4 Bg7 22. g4 Qc8 23. Kh1 Qa8 24. Ne3 Qc6 25. gxf5 Bf7 26. Qg5 Kh8 27. f6 Bc4
28. fxg7+ Rxg7 29. Qh6 Bxf1 30. Rxf1 Qc5 31. f5 d5 32. Rd1 Rd8 33. Bb3 d4 34.
cxd4 Qf8 35. Qf4 a5 36. Qe5 a4 37. Be6 1-0

[Event "Gibtelecom Masters"]
[Site "Gibraltar"]
[Date "2008.01.27"]
[Round "6.65"]
[White "Lazarus, Ben"]
[Black "Pettersen, Joar Gullestad"]
[Result "1/2-1/2"]
[WhiteElo "2143"]
[BlackElo "2026"]
[PlyCount "76"]
[EventDate "2008.01.22"]

1. e4 e5 2. Nf3 Nc6 3. Bb5 a6 4. Ba4 Nf6 5. O-O b5 6. Bb3 Nxe4 7. d4 d5 8. dxe5
Be6 9. Nbd2 Be7 10. c3 O-O 11. Bc2 f5 12. Nb3 Qe8 13. Nfd4 Nxd4 14. cxd4 c5 15.
f3 c4 16. fxe4 cxb3 17. Bxb3 fxe4 18. Rxf8+ Qxf8 19. Be3 Qf5 20. Rc1 a5 21. Rc7
Bd8 22. Rc5 Bg5 23. Bxg5 Qxg5 24. Qe1 a4 25. Bxd5 Bxd5 26. Rxd5 Rc8 27. Rc5
Rxc5 28. dxc5 Qxe5 29. Qc3 Qxc3 30. bxc3 Kf7 31. c6 Ke6 32. Kf2 Kd6 33. Ke3
Kxc6 34. Kxe4 Kc5 35. Kd3 Kd5 36. Ke3 Kc4 37. Kd2 g6 38. Kc2 Kd5 1/2-1/2

[Event "Gibtelecom Masters"]
[Site "Gibraltar"]
[Date "2008.01.27"]
[Round "6.66"]
[White "Van Kemenade, Rudy"]
[Black "Kvisla, Johannes Luangtep"]
[Result "1/2-1/2"]
[WhiteElo "2029"]
[BlackElo "2130"]
[PlyCount "100"]
[EventDate "2008.01.22"]

1. f4 c5 2. Nf3 g6 3. g3 Bg7 4. Bg2 Nc6 5. d3 d6 6. O-O e5 7. c4 Nge7 8. Nc3
O-O 9. h3 Be6 10. Ng5 Bc8 11. g4 h6 12. Nge4 f5 13. gxf5 Nxf5 14. fxe5 Bxe5 15.
Nd5 Be6 16. Bf4 Bxb2 17. Rb1 Be5 18. Rxb7 Rb8 19. Rxb8 Qxb8 20. Qd2 Kg7 21.
Bxe5+ Nxe5 22. Nf4 Bg8 23. Nc3 Qc8 24. Kh2 g5 25. Nfd5 Nd4 26. Qe1 Rxf1 27.
Qxf1 Qf8 28. Qxf8+ Kxf8 29. Nb5 Nxb5 30. cxb5 Bxd5 31. Bxd5 Ke7 32. a4 Kd7 33.
Kg3 Kc7 34. a5 Ng6 35. e3 Ne5 36. d4 cxd4 37. exd4 Nd3 38. Bc4 Nf4 39. h4 d5
40. Bf1 Ne6 41. hxg5 hxg5 42. Bg2 Nxd4 43. Bxd5 Nxb5 44. Kg4 {(=)} 44... Kd6
45. Bc4 Kc5 46. Bf1 Kb4 47. a6 Ka5 48. Kxg5 Kxa6 49. Kf4 Ka5 50. Bxb5 Kxb5
1/2-1/2

[Event "Gibtelecom Masters"]
[Site "Gibraltar"]
[Date "2008.01.27"]
[Round "6.67"]
[White "Svendsen, Peter"]
[Black "Vinas Guerrero, Carlos A"]
[Result "0-1"]
[WhiteElo "2011"]
[BlackElo "2129"]
[PlyCount "158"]
[EventDate "2008.01.22"]

1. d4 d5 2. c4 dxc4 3. e3 c5 4. Nf3 a6 5. a4 Nf6 6. Bxc4 e6 7. O-O Nc6 8. Nc3
Be7 9. h3 cxd4 10. exd4 O-O 11. Re1 Nb4 12. Qe2 Bd7 13. Ne5 Be8 14. Be3 Rc8 15.
Rad1 Nbd5 16. Nxd5 Nxd5 17. Bb3 Qb6 18. Rd3 Bb4 19. Bd2 Rd8 20. Nc4 Qc7 21.
Bxb4 Nxb4 22. Rdd1 Bc6 23. Ne3 Rd7 24. Qc4 Qa5 25. Ng4 Bd5 26. Qc3 Bxb3 27.
Qxb3 Nc6 28. Ne5 Rxd4 29. Nxc6 bxc6 30. Qc3 Qxc3 31. bxc3 Rxa4 32. Rd6 Rc8 33.
Rb1 Rc4 34. Rb7 a5 35. Rdd7 Rf8 36. Ra7 a4 37. Rdc7 g6 38. Kf1 Rxc3 39. Rxa4
Rc2 40. Raa7 c5 41. g4 h6 42. Re7 Rc4 43. Rac7 Rc1+ 44. Kg2 g5 45. Kh2 Rc2 46.
Kg2 Rc3 47. Kh2 Rc1 48. Kg2 Rc4 49. Kf1 Rc3 50. Kg2 c4 51. Kh2 Rf3 52. Kg2 Rf4
53. Kg3 Ra8 54. Ra7 Rxa7 55. Rxa7 Kg7 56. Rc7 Kf6 57. h4 Rd4 58. Rc5 Rd3+ 59.
Kg2 gxh4 60. Rxc4 h3+ 61. Kg1 Kg5 62. Ra4 Rf3 63. Kh2 Kh4 64. Kg1 e5 65. Rb4
Rf4 66. Rb6 Rxg4+ 67. Kh1 h5 68. Rb7 Rf4 69. Rb2 f5 70. Kh2 Rg4 71. Re2 e4 72.
Kh1 Rg2 73. Ra2 Kg5 74. Rb2 e3 75. f4+ Kg4 76. Rb3 e2 77. Re3 Rf2 78. Re8 Kf3
79. Kg1 Rf1+ 0-1

[Event "Gibtelecom Masters"]
[Site "Gibraltar"]
[Date "2008.01.27"]
[Round "6.68"]
[White "Borg, Andrew"]
[Black "Hickman, John E"]
[Result "1-0"]
[WhiteElo "2127"]
[BlackElo "2009"]
[PlyCount "80"]
[EventDate "2008.01.22"]

1. Nf3 d6 2. d4 g6 3. c4 Bg7 4. Nc3 Nd7 5. e4 e5 6. Be2 Ngf6 7. d5 Nc5 8. Qc2
a5 9. h3 O-O 10. g4 c6 11. Bg5 Qb6 12. Nd2 a4 13. Rg1 Qb4 14. f3 Bd7 15. Kf1
Kh8 16. Kg2 Ng8 17. h4 Bh6 18. Bxh6 Nxh6 19. h5 g5 20. Nf1 a3 21. b3 Ng8 22.
Rc1 h6 23. Ne3 Na6 24. dxc6 bxc6 25. Rgd1 Nf6 26. Qd2 Ne8 27. Bd3 Nc5 28. Nc2
Qb7 29. b4 Ne6 30. Bf1 Nf4+ 31. Kh2 f5 32. exf5 d5 33. cxd5 cxd5 34. Nxd5 Nxh5
35. gxh5 Rxf5 36. Nce3 Rxf3 37. Bg2 e4 38. Bxf3 exf3 39. Qd4+ Ng7 40. Rc7 Qb8
1-0

[Event "Gibtelecom Masters"]
[Site "Gibraltar"]
[Date "2008.01.27"]
[Round "6.69"]
[White "Bryn, Askild"]
[Black "Ocana Roca, Juan Jesus"]
[Result "0-1"]
[WhiteElo "1997"]
[BlackElo "2127"]
[PlyCount "76"]
[EventDate "2008.01.22"]

1. c4 Nf6 2. g3 g6 3. Bg2 Bg7 4. Nc3 c5 5. e4 e5 6. Nge2 Nc6 7. O-O d6 8. d3
Nd4 9. Nxd4 cxd4 10. Ne2 O-O 11. f4 Ng4 12. h3 Ne3 13. Bxe3 dxe3 14. Qb3 exf4
15. Nxf4 Qg5 16. Kh2 h5 17. Qb5 Qxb5 18. cxb5 Bxb2 19. Rae1 Bd7 20. Rxe3 Bd4
21. Ref3 Bxb5 22. Nd5 Rab8 23. Rb1 a6 24. h4 Kg7 25. a4 Bxa4 26. Rb4 Bd1 27.
Rxd4 Bxf3 28. Bxf3 b5 29. Bd1 Rfc8 30. Bb3 a5 31. Kg2 a4 32. Bxa4 bxa4 33. Rxa4
Rb3 34. Rd4 Kf8 35. Kf3 Rc1 36. Ne3 Rcc3 37. Ke2 Rb2+ 38. Kf3 Rd2 0-1

[Event "Gibtelecom Masters"]
[Site "Gibraltar"]
[Date "2008.01.27"]
[Round "6.70"]
[White "Arnott, Jonathan W"]
[Black "Lindsoe, Fredrik Aunan"]
[Result "1-0"]
[WhiteElo "2117"]
[BlackElo "2001"]
[PlyCount "63"]
[EventDate "2008.01.22"]

1. e4 c5 2. c3 d5 3. exd5 Qxd5 4. d4 Nf6 5. Nf3 Bg4 6. dxc5 Qxc5 7. Be3 Qh5 8.
Nbd2 Nbd7 9. Qa4 a6 10. Qb3 b5 11. a4 Be6 12. Qc2 Rb8 13. axb5 axb5 14. Nd4 Ng4
15. Bf4 Rc8 16. Nxb5 Qc5 17. Ne4 Qb6 18. Ra6 Qxa6 19. Nc7+ Rxc7 20. Bxa6 Ra7
21. Qa4 Bf5 22. Qc6 f6 23. Nc5 e5 24. Qc8+ Kf7 25. Bc4+ Ke7 26. Bc1 g5 27. Nxd7
Rxd7 28. O-O Nh6 29. Be3 Nf7 30. Bc5+ Nd6 31. b4 Bg6 32. Rd1 1-0

[Event "Gibtelecom Masters"]
[Site "Gibraltar"]
[Date "2008.01.27"]
[Round "6.71"]
[White "Edvardsen, Ingar"]
[Black "Goodger, Martyn"]
[Result "1/2-1/2"]
[WhiteElo "1972"]
[BlackElo "2113"]
[PlyCount "71"]
[EventDate "2008.01.22"]

1. e4 e5 2. Nf3 d6 3. Bc4 Be7 4. O-O Nf6 5. Re1 O-O 6. h3 c6 7. Bb3 Nbd7 8. d3
Nc5 9. Nbd2 h6 10. Nf1 Nxb3 11. axb3 Be6 12. Ng3 Nh7 13. Be3 a6 14. Nf5 Bxf5
15. exf5 Qd7 16. g4 Ng5 17. Nxg5 Bxg5 18. Bxg5 hxg5 19. Qd2 f6 20. Kg2 Kf7 21.
h4 gxh4 22. Rh1 Rh8 23. Rh3 Rag8 24. f3 g5 25. fxg6+ Rxg6 26. Rah1 f5 27. Rxh4
Rhg8 28. Rh7+ R8g7 29. R1h6 fxg4 30. Rxg6 gxf3+ 31. Kf2 Rxh7 32. Qg5 Rh2+ 33.
Ke3 Rg2 34. Qf6+ Ke8 35. Qh8+ Ke7 36. Qf6+ 1/2-1/2

[Event "Gibtelecom Masters"]
[Site "Gibraltar"]
[Date "2008.01.27"]
[Round "6.72"]
[White "Webster, Richard J"]
[Black "Hansen, Pal Andreas"]
[Result "1-0"]
[WhiteElo "1989"]
[BlackElo "2108"]
[PlyCount "61"]
[EventDate "2008.01.22"]

1. e4 c5 2. Nc3 Nc6 3. g3 g6 4. Bg2 Bg7 5. d3 e6 6. f4 d6 7. Nf3 Nge7 8. O-O
O-O 9. Kh1 Rb8 10. a4 a6 11. Qe2 b5 12. axb5 axb5 13. Nd1 Qb6 14. Bd2 b4 15.
Ne3 Ba6 16. Rab1 Na7 17. f5 Nec6 18. Ng5 Nd4 19. Qd1 Qd8 20. Ra1 Rb6 21. c3
bxc3 22. bxc3 Nb3 23. Rxa6 Rxa6 24. Qxb3 Qxg5 25. fxe6 Qe7 26. exf7+ Rxf7 27.
e5 Kf8 28. Qb8+ Qe8 29. Rxf7+ Kxf7 30. Qb7+ Qe7 31. e6+ 1-0

[Event "Gibtelecom Masters"]
[Site "Gibraltar"]
[Date "2008.01.27"]
[Round "6.73"]
[White "Tofte, Sondre Waage"]
[Black "Pettersson, Anders"]
[Result "1-0"]
[WhiteElo "2108"]
[BlackElo "1984"]
[PlyCount "51"]
[EventDate "2008.01.22"]

1. e4 c5 2. Nf3 g6 3. d4 cxd4 4. c3 Bg7 5. Bc4 e6 6. O-O Ne7 7. Bg5 O-O 8. cxd4
d6 9. Nc3 a6 10. a4 Nd7 11. Qd2 Nf6 12. Rfe1 Qc7 13. Ba2 b6 14. Rac1 Qd7 15.
Qf4 Nh5 16. Qh4 f6 17. Bd2 f5 18. exf5 Nxf5 19. Qe4 d5 20. Nxd5 Bb7 21. Qxe6+
Qxe6 22. Rxe6 Nxd4 23. Nxd4 Bxd4 24. Re7 Rxf2 25. Nf6+ Kf8 26. Rf7# 1-0

[Event "Gibtelecom Masters"]
[Site "Gibraltar"]
[Date "2008.01.27"]
[Round "6.74"]
[White "Joseph, Adrian P"]
[Black "Almond, Richard J"]
[Result "0-1"]
[WhiteElo "1958"]
[BlackElo "2107"]
[PlyCount "48"]
[EventDate "2008.01.22"]

1. b3 e5 2. Bb2 f6 3. e3 d5 4. g3 Be6 5. Bg2 c6 6. Ne2 Nd7 7. f4 Bd6 8. Nbc3
Ne7 9. O-O O-O 10. fxe5 fxe5 11. Rxf8+ Qxf8 12. Qf1 Nf6 13. d4 Ng6 14. a4 Qe7
15. Qc1 Ng4 16. h3 Nh6 17. Ba3 Rf8 18. Bxd6 Qxd6 19. Nd1 Nf5 20. dxe5 Qxe5 21.
Nf4 Nxg3 22. Qb2 Qxb2 23. Nxb2 Nxf4 24. exf4 Ne2+ 0-1

[Event "Gibtelecom Masters"]
[Site "Gibraltar"]
[Date "2008.01.27"]
[Round "6.76"]
[White "Suez-Panama, Gilles"]
[Black "Skage, Oystein Aagedal"]
[Result "1/2-1/2"]
[WhiteElo "2099"]
[BlackElo "1919"]
[PlyCount "28"]
[EventDate "2008.01.22"]

1. d4 d5 2. Nf3 Nf6 3. c4 c6 4. Nc3 e6 5. g3 dxc4 6. Bg2 Nbd7 7. a4 Bb4 8. O-O
c5 9. Nb5 O-O 10. Qc2 a6 11. Nd6 cxd4 12. Nxc4 e5 13. Nfxe5 Nxe5 14. Nxe5 Qe7
1/2-1/2

[Event "Gibtelecom Masters"]
[Site "Gibraltar"]
[Date "2008.01.27"]
[Round "6.77"]
[White "Obers, Frits"]
[Black "Jorgensen, Line Jin"]
[Result "1-0"]
[WhiteElo "2094"]
[BlackElo "1867"]
[PlyCount "71"]
[EventDate "2008.01.22"]

1. c4 c5 2. g3 g6 3. Bg2 Bg7 4. Nc3 Nc6 5. Nf3 d6 6. O-O e5 7. d3 a6 8. a3 Bd7
9. Rb1 Rb8 10. b4 cxb4 11. axb4 Nge7 12. b5 Na7 13. Be3 Nac8 14. bxa6 b6 15.
Ne1 O-O 16. Nc2 Bc6 17. Nb4 Bxg2 18. Kxg2 f5 19. Bg5 Qd7 20. Bxe7 Nxe7 21. e4
f4 22. f3 fxg3 23. hxg3 g5 24. Nbd5 Nxd5 25. Nxd5 Qa7 26. Qa4 Bf6 27. Qc6 Qxa6
28. Qxd6 Qa2+ 29. Kg1 Bd8 30. Qxb8 Qe2 31. Rbe1 Qxd3 32. Rd1 Qa3 33. Qxe5 Qc5+
34. Qd4 Qd6 35. e5 Qh6 36. Kg2 1-0

[Event "Gibtelecom Masters"]
[Site "Gibraltar"]
[Date "2008.01.27"]
[Round "6.80"]
[White "Thollin, Robert"]
[Black "Arvola, Benjamin"]
[Result "0-1"]
[WhiteElo "2011"]
[BlackElo "2062"]
[PlyCount "136"]
[EventDate "2008.01.22"]

1. e4 c5 2. Nc3 Nc6 3. Bb5 g6 4. Bxc6 dxc6 5. d3 Bg7 6. f4 e5 7. Nf3 exf4 8.
Bxf4 Ne7 9. O-O O-O 10. Qd2 Bg4 11. Bh6 c4 12. Bxg7 Kxg7 13. Kh1 cxd3 14. cxd3
Qd6 15. Qg5 Bxf3 16. Rxf3 f6 17. Qe3 Qe6 18. Raf1 b6 19. h3 Rad8 20. g4 Qe5 21.
Rd1 c5 22. Qf4 Qe6 23. b3 a6 24. Qe3 Qe5 25. Na4 Rd6 26. b4 Rc8 27. bxc5 bxc5
28. Rc1 Rd4 29. Nb6 Rcd8 30. Nc4 Qe6 31. Rc3 Nc6 32. a3 Rb8 33. Rf1 Rb5 34.
Rfc1 Ne5 35. Nxe5 Qxe5 36. R1c2 h5 37. Kg2 h4 38. Qf3 a5 39. Qf2 g5 40. a4 Rxa4
41. Rxc5 Rxc5 42. Rxc5 Ra2 43. Qxa2 Qxc5 44. Qe6 Qc2+ 45. Kg1 Qd1+ 46. Kf2 Qd2+
47. Kg1 Qe3+ 48. Kh2 Qg3+ 49. Kh1 Qxh3+ 50. Kg1 Qg3+ 51. Kf1 Qxd3+ 52. Kf2 Qg3+
53. Kf1 Qe5 54. Qd7+ Kf8 55. Qd8+ Kf7 56. Qd7+ Qe7 57. Qd5+ Kg6 58. Qf5+ Kh6
59. Qc8 Kg7 60. Qc6 Qa7 61. Qe6 h3 62. e5 Qf7 63. Qa6 fxe5+ 64. Kg1 Qc7 65. Qe2
e4 66. Qb2+ Kg6 67. Kh1 e3 68. Qc2+ Qxc2 0-1

[Event "Gibtelecom Masters"]
[Site "Gibraltar"]
[Date "2008.01.27"]
[Round "6.81"]
[White "Mortensen, Henrik"]
[Black "Larsson, Daniel"]
[Result "1/2-1/2"]
[WhiteElo "2034"]
[BlackElo "2003"]
[PlyCount "59"]
[EventDate "2008.01.22"]

1. e4 e5 2. Nc3 Nc6 3. Nf3 Nf6 4. d4 exd4 5. Nxd4 Bc5 6. Be3 Bb6 7. Nxc6 bxc6
8. Bxb6 axb6 9. Bd3 d5 10. O-O O-O 11. h3 Re8 12. Qf3 Ba6 13. Rfe1 Bxd3 14.
cxd3 dxe4 15. dxe4 Qd2 16. Re2 Qg5 17. e5 Rxe5 18. Rxe5 Qxe5 19. Qxc6 Re8 20.
Rd1 h6 21. a4 Re6 22. Rd8+ Kh7 23. Qf3 c6 24. g3 Rd6 25. Rxd6 Qxd6 26. Ne4 Nxe4
27. Qxe4+ g6 28. Kg2 c5 29. b3 Kg7 30. Qc4 1/2-1/2

[Event "Gibtelecom Masters"]
[Site "Gibraltar"]
[Date "2008.01.27"]
[Round "6.82"]
[White "Jameson, David"]
[Black "Hamer, Martyn"]
[Result "0-1"]
[WhiteElo "2033"]
[BlackElo "1962"]
[PlyCount "112"]
[EventDate "2008.01.22"]

1. e4 g5 2. d4 h6 3. h4 g4 4. Bd3 d6 5. c3 c5 6. Ne2 Nc6 7. Be3 Qb6 8. Nd2 cxd4
9. cxd4 Qd8 10. Qb3 Bg7 11. f4 gxf3 12. gxf3 Nf6 13. O-O-O a5 14. Rhg1 Kf8 15.
Nc4 Nb4 16. a3 Nxd3+ 17. Rxd3 b5 18. Qxb5 Ba6 19. Qa4 Bxc4 20. Rd2 h5 21. Nc3
Be6 22. Rdg2 Ne8 23. Qd1 d5 24. e5 Bf5 25. Qd2 Ra6 26. Rg3 Rg6 27. Bg5 Nc7 28.
Qf4 Qc8 29. Kd1 e6 30. Ke1 Qb7 31. Qd2 Bh6 32. Bxh6+ Rhxh6 33. Ne2 Qb6 34. Kf2
Rh8 35. Rxg6 Bxg6 36. Qg5 Ne8 37. Qd2 Qd8 38. Rg5 Ng7 39. Qc3 Nf5 40. Nf4 Nxh4
41. Rg1 Kg7 42. b4 axb4 43. axb4 Nf5 44. Rxg6+ Kh7 45. Rf6 Kg7 46. Qd2 Rh7 47.
Nh3 Kg8 48. Qg5+ Rg7 49. Qxh5 Qb6 50. Ng5 Qxd4+ 51. Kg2 Qd2+ 52. Kh3 Qxg5 53.
Qxg5 Rxg5 54. Kh2 Kf8 55. b5 Ke7 56. b6 Rg8 0-1

[Event "Gibtelecom Masters"]
[Site "Gibraltar"]
[Date "2008.01.27"]
[Round "6.83"]
[White "Greef, Melissa"]
[Black "Gonzalez Amaya, Millan"]
[Result "1-0"]
[WhiteElo "2025"]
[BlackElo "1823"]
[PlyCount "85"]
[EventDate "2008.01.22"]

1. e4 e5 2. Nf3 Nf6 3. Nxe5 d6 4. Nf3 Nxe4 5. Nc3 Nxc3 6. dxc3 Be7 7. Be3 O-O
8. Qd2 c6 9. Bd3 Nd7 10. h4 f5 11. O-O-O Nf6 12. c4 Nh5 13. Bg5 Bf6 14. c3 Bd7
15. Be2 Qb6 16. Nh2 Be8 17. g4 fxg4 18. Nxg4 Be5 19. Rhg1 Bg6 20. Nxe5 dxe5 21.
Be7 Rf7 22. c5 Qa5 23. Bc4 Kh8 24. Bxf7 Bxf7 25. a3 Re8 26. Bd6 Qa4 27. Rde1 e4
28. Qd4 Qxd4 29. cxd4 Re6 30. Rg5 Bg6 31. Be5 Kg8 32. Re3 Nf6 33. b4 Nd5 34.
Reg3 Nf6 35. a4 Kf7 36. b5 Ke7 37. Rb3 Kf7 38. bxc6 bxc6 39. Bd6 Nd5 40. Rb7+
Ke8 41. Re5 Rxe5 42. dxe5 Nf4 43. e6 1-0

[Event "Gibtelecom Masters"]
[Site "Gibraltar"]
[Date "2008.01.27"]
[Round "6.84"]
[White "Jacobsen, Maria Pitz"]
[Black "Campbell, Ian"]
[Result "0-1"]
[WhiteElo "1799"]
[BlackElo "2024"]
[PlyCount "128"]
[EventDate "2008.01.22"]

1. e4 Nf6 2. e5 Nd5 3. d4 d6 4. Nf3 g6 5. exd6 cxd6 6. Bc4 Nb6 7. Bb3 Bg7 8.
O-O O-O 9. Be3 Nc6 10. Qd2 Bg4 11. Ne1 Rc8 12. f3 Bd7 13. c4 e5 14. d5 Nd4 15.
Bxd4 exd4 16. Na3 Re8 17. Nec2 d3 18. Ne3 Bd4 19. Rfe1 Qg5 20. Nac2 Bxb2 21.
Rab1 Be5 22. Qxd3 Qf4 23. Nf1 Bf5 24. Qd1 Bxc2 25. Bxc2 Rxc4 26. Kh1 Rec8 27.
Bb3 Rd4 28. Qe2 Rc3 29. Rbd1 Rxd1 30. Qxd1 Nd7 31. Ba4 Nc5 32. Bc2 h5 33. Be4
h4 34. Qd2 Nxe4 35. fxe4 Qxd2 36. Nxd2 Rc2 37. Nf3 Rxa2 38. Nxe5 dxe5 39. Rd1
Kf8 40. Kg1 Ke7 41. Rb1 b6 42. Rc1 Kd7 43. Rf1 f5 44. exf5 gxf5 45. Rxf5 Kd6
46. Rh5 Ra4 47. Kf2 Kxd5 48. Rh7 a5 49. Rd7+ Ke6 50. Rb7 Rb4 51. Rb8 a4 52.
Re8+ Kd5 53. Rd8+ Kc4 54. Re8 Rb5 55. Rh8 a3 56. Rxh4+ Kb3 57. Rh3+ Kb2 58. Re3
a2 59. Re2+ Ka3 60. Re3+ Rb3 61. Re1 Rb1 62. Re3+ Kb4 63. Re4+ Kc3 64. Re3+ Kd4
0-1

[Event "Gibtelecom Masters"]
[Site "Gibraltar"]
[Date "2008.01.27"]
[Round "6.85"]
[White "Getz, Nicolai"]
[Black "Kuenitz, Klaus"]
[Result "1-0"]
[WhiteElo "2019"]
[BlackElo "1645"]
[PlyCount "25"]
[EventDate "2008.01.22"]

1. e4 e6 2. d4 d5 3. Nc3 dxe4 4. Nxe4 Nd7 5. Bd3 b6 6. Nf3 Bb7 7. Qe2 Ngf6 8.
O-O Be7 9. Re1 O-O 10. Neg5 Re8 11. Nxf7 Kxf7 12. Ng5+ Kg8 13. Qxe6+ 1-0

[Event "Gibtelecom Masters"]
[Site "Gibraltar"]
[Date "2008.01.27"]
[Round "6.88"]
[White "Helin, Mikael"]
[Black "Matto, Manuel"]
[Result "1-0"]
[WhiteElo "1935"]
[BlackElo "1886"]
[PlyCount "89"]
[EventDate "2008.01.22"]

1. e4 d6 2. Nc3 Nf6 3. h3 g6 4. g3 Bg7 5. Bg2 c6 6. d3 Nbd7 7. Nge2 e5 8. O-O
Nf8 9. a4 Ne6 10. a5 Bd7 11. f4 exf4 12. gxf4 Nh5 13. e5 dxe5 14. f5 Nc7 15. f6
Bxf6 16. Ne4 Bf5 17. Be3 Bxe4 18. Bxe4 Nd5 19. Bd2 Bg5 20. Qc1 Bxd2 21. Qxd2
Qh4 22. a6 b6 23. c4 Ne7 24. b4 Rc8 25. Bg2 O-O 26. c5 b5 27. Qe1 Qg5 28. Qc1
Qxc1 29. Raxc1 f5 30. d4 e4 31. Nc3 Rfd8 32. Rfd1 Nd5 33. Bf1 Nxb4 34. Nxb5
cxb5 35. Bxb5 Nf4 36. Rb1 Nbd3 37. Bc4+ Kh8 38. Rb7 Rxd4 39. Bxd3 Nxd3 40. Rxa7
Rb4 41. Rb7 Ra4 42. a7 Nxc5 43. Rb8 Rg8 44. Rdd8 Rxa7 45. Rxg8# 1-0